| 000 | 00395nam a22001457a 4500 | ||
|---|---|---|---|
| 005 | 20170809154832.0 | ||
| 008 | 170809b xxu||||| |||| 00| 0 eng d | ||
| 040 | _cPK-LaUMT | ||
| 082 |
_aZIAC 297.01 _bKHA-I |
||
| 100 | _aKhalifa Abdul Hakim | ||
| 245 |
_aIslamic ideology/ _cKhalifa Abdul Hakim |
||
| 260 |
_aLahore: _bThe institute of Islamic culture, _c1951 |
||
| 300 | _a350 p. | ||
| 942 | _cBK | ||
| 999 |
_c96812 _d96812 |
||